000
00262nmm a2200097Ia 4500
008
220120s9999||||xx |||||||||||||||||und||
020
_a
0-07-044742-X
100
_a
Ghosh , Pallab
245
0
_a
Numerical methods with computer programms in C++
260
_b
New Delhi
999
_c
139204
_d
139204